000 00721cam a2200229 a 4500
001 1145514
005 20180206043032.0
008 951016s1996 ilu 001 0 eng
010 _a 95046215
020 _a0256196842
040 _aDLC
_cDLC
_dDLC
041 _aeng
043 _an-us---
080 _a345.73
082 0 0 _a345.73 SIN
_a347.305
_220
100 1 _a13
101 _aSHJ
245 1 0 _aCrimes and punishment :
_cRichard G. Singer, Martin R. Gardner.
906 _a7
_bcbc
_corignew
_d1
_eocip
_f19
_gy-gencatlg
942 _2ddc
_cBK
999 _c41899
_d41899